00726nam a2200205Ia 4500003000400000005001700004008004100021020001800062040000900080082001700089100002700106245007300133250001200206260005500218300000900273650002400282942004000306952015900346999001500505OSt20240925121843.0190216s9999||||xx |||||||||||||| ||und|| a9788120321465 coclc a628.5bSPI/C aSpiro, Thomas G 94233 0aChemistry Of The Environment /cThomas G Spiro ; William M Stigliani a2nd Ed. bPrentice Hall Of India Pvt Ltd,c2004.aNew Delhi: a489p aChemistry-Chemistry cBK2ddch628.5iSPI/Ck628.5mSPI/C 00102ddc40708 Sanitary & municipal engineering aMESbMEScCHEd2019-02-20g250.00l0o628.5 SPI/Cp29250r2019-02-20 00:00:00w2019-02-20yBKzGL17R1 c3220d3220